Super in the Answers - Statistics

General Stats
  • This quiz has been taken 110,536 times
    72,915 since last reset
  • The average score is 14 of 20
Answer Stats
Clue Answer % Correct
Stellar explosion Supernova
93%
Large grocery store Supermarket
91%
Former Krypton resident Superman
90%
Video game plumber Super Mario
90%
American football championship Super Bowl
88%
A mega-celebrity Superstar
87%
Strong adhesive Super Glue
80%
An extremely strong country, such as the USA or USSR Superpower
80%
Pangaea was one Supercontinent
79%
Faster than sound Supersonic
77%
When the one under Yellowstone goes off, it will cover Denver in 1 meter of ash Supervolcano
74%
Paranormal Supernatural
71%
Bigger than large, at McDonald's Supersize
69%
Irrational belief Superstition
65%
Boss Supervisor
59%
General term for a word that ends in "est" Superlative
57%
The world's most powerful one cost $600 million and is capable of 1.19 exaFLOPS Supercomputer
52%
Writing that appears like this Superscript
50%
ABBA song that is not actually about a police officer Super Trouper
45%
Part of the psyche Superego
40%
No matching quizzes found
Score Distribution
Percent of People with Each Score
Percentile by Number Answered
Your Score History
You have not taken this quiz since the last reset